[Event "AUTO-MASTER-1058"]
[Site "http://www.queenalice.com/game.php?id=739164"]
[Date "2010.2.28"]
[Round "1"]
[White "Mamediarov"]
[Black "rhsatrhs"]
[Result "1-0"]
[WhiteElo "1997"]
[BlackElo "2076"]

1. d4 d6 2. e4 Nf6 3. Bd3 e5 4. c3 d5 5. dxe5 Nxe4 6. Bxe4 dxe4 7. Qa4+ Bd7 8.
Qxe4 Bc6 9. Qg4 h5 10. Qg3 h4 11. Qg4 Qd7 12. Qg5 h3 13. f3 Rh5 14. Qg3 hxg2 15.
Qxg2 Rxe5+ 16. Ne2 Bb5 17. c4 Bxc4 18. Nc3 Bb4 19. Kf2 Bxc3 20. Nxc3 Qd4+ 21.
Kg3 Rh5 22. Re1+ Be6 23. Re4 Qb6 24. h4 Qd6+ 25. Bf4 Qc5 26. Rae1 Na6 27. Bg5
Kd7 28. Re5 Qc6 29. Rd1+ Ke8 30. Qe2 Nc5 31. f4 Rh7 32. f5 f6 33. Rxc5 Qxc5 34.
Qxe6+ Qe7 35. Qg8+ 1-0

[Event "AUTO-MASTER-1058"]
[Site "http://www.queenalice.com/game.php?id=739175"]
[Date "2010.2.28"]
[Round "1"]
[White "Mamediarov"]
[Black "Corinthiano_SP"]
[Result "0-1"]
[WhiteElo "2057"]
[BlackElo "2233"]

1. e4 c5 2. Nf3 d6 3. c3 e6 4. d4 cxd4 5. cxd4 a6 6. Nc3 Nf6 7. Bd3 Be7 8. O-O
O-O 9. Qc2 Nbd7 10. h3 b5 11. Bf4 Bb7 12. Rae1 Rc8 13. Qb1 h6 14. a3 Nb6 15. Rd1
Nc4 16. Rfe1 Nxa3 0-1

[Event "AUTO-MASTER-1058"]
[Site "http://www.queenalice.com/game.php?id=739176"]
[Date "2010.2.28"]
[Round "1"]
[White "Corinthiano_SP"]
[Black "Mamediarov"]
[Result "1-0"]
[WhiteElo "2226"]
[BlackElo "2067"]

1. e4 c5 2. Nf3 d6 3. c3 e6 4. d4 cxd4 5. cxd4 a6 6. Nc3 Nc6 7. Be2 Nf6 8. O-O
Be7 9. a3 O-O 10. h3 b5 11. Be3 Bb7 12. Qd2 Rc8 13. Bd3 Re8 14. Rfe1 Na5 15.
Rad1 Nc4 16. Qc1 1-0

[Event "AUTO-MASTER-1067"]
[Site "http://www.queenalice.com/game.php?id=744272"]
[Date "2010.3.10"]
[Round "1"]
[White "Giant"]
[Black "Mamediarov"]
[Result "1-0"]
[WhiteElo "2190"]
[BlackElo "1974"]

1. e4 c6 2. d4 d5 3. Nc3 dxe4 4. Nxe4 Nd7 5. Nf3 Ngf6 6. Ng3 e6 7. c3 Be7 8. Bd3
h6 9. O-O O-O 10. Re1 Re8 11. b4 Nf8 12. Ne5 a5 13. b5 Qc7 14. Qf3 Bd7 15. Bf4
Bd6 16. b6 1-0

[Event "AUTO-MASTER-1067"]
[Site "http://www.queenalice.com/game.php?id=744273"]
[Date "2010.3.10"]
[Round "1"]
[White "Mamediarov"]
[Black "Giant"]
[Result "1-0"]
[WhiteElo "2070"]
[BlackElo "2348"]

1. c4 Nf6 2. Nc3 c5 3. e3 Na6 4. Nf3 d6 5. d4 e6 6. Be2 Be7 7. O-O O-O 8. a3 b6
9. Qc2 Bb7 10. Rd1 Bc6 11. d5 Bb7 12. e4 Nc7 13. dxe6 Nxe6 14. Nd5 Nxd5 15. exd5
Nc7 16. Bd3 h6 17. h3 Bf6 18. Bf4 Re8 19. Re1 Re7 20. Bf5 Ne8 21. Bh7+ Kh8 22.
Bd3 g5 23. Rxe7 Bxe7 24. Bd2 Bf6 25. Re1 Bc8 26. Bc3 Bd7 27. Nd2 Kg8 28. Ne4 Be5
29. Bxe5 dxe5 30. Ng3 f6 31. Bh7+ Kh8 32. Qg6 Nd6 33. Qxh6 Qf8 34. Qh5 Qg7 35.
Bf5+ Kg8 36. Qf3 Nxf5 37. Nxf5 Qh7 38. d6 Rd8 39. Ne7+ Kg7 40. Qb7 g4 41. Nc6
Qg8 42. Nxd8 Qxd8 43. hxg4 Kh6 44. f3 1-0

[Event "AUTO-MASTER-1067"]
[Site "http://www.queenalice.com/game.php?id=744286"]
[Date "2010.3.10"]
[Round "1"]
[White "matadordeporcos"]
[Black "Mamediarov"]
[Result "1-0"]
[WhiteElo "2128"]
[BlackElo "2108"]

1. e4 c6 2. d4 d5 3. Nc3 Nf6 4. e5 Nfd7 5. f4 e6 6. Nf3 Be7 7. Be2 O-O 8. O-O a6
9. h3 b6 10. Be3 f5 11. Qd2 Bb7 12. Bf2 Qe8 13. Kh2 c5 14. Nd1 Nc6 15. c3 g6 16.
Ne3 Qf7 17. g3 Kh8 18. Ng2 Rac8 19. g4 fxg4 20. hxg4 Qg7 21. Kg1 Nd8 22. Bg3 Nf7
23. Bd3 c4 24. Be2 Nh6 25. Nh2 Rf7 26. g5 Nf5 27. Bf2 Nf8 28. Ng4 h5 29. Nh2 Kg8
30. Rae1 Nh7 31. Bd1 Qf8 32. Bxh5 1-0

[Event "AUTO-MASTER-1067"]
[Site "http://www.queenalice.com/game.php?id=744287"]
[Date "2010.3.10"]
[Round "1"]
[White "Mamediarov"]
[Black "matadordeporcos"]
[Result "0-1"]
[WhiteElo "2097"]
[BlackElo "2041"]

1. e4 c5 2. Nf3 d6 3. c3 e6 4. d4 cxd4 5. cxd4 Nc6 6. Nc3 Nf6 7. Bd3 Be7 8. O-O
O-O 9. a3 a6 10. h3 b5 11. Re1 Bb7 12. Bg5 h6 13. Be3 Rc8 14. Rc1 Na5 15. Bb1
Nc4 16. Qe2 d5 17. e5 Ne4 0-1

[Event "AUTO-MASTER-1067"]
[Site "http://www.queenalice.com/game.php?id=744296"]
[Date "2010.3.10"]
[Round "1"]
[White "Mamediarov"]
[Black "TheBigSid"]
[Result "0-1"]
[WhiteElo "1986"]
[BlackElo "2091"]

1. e4 e6 2. d4 d5 3. Nc3 Nf6 4. e5 Nfd7 5. f4 c5 6. Nf3 Nc6 7. Bb5 cxd4 8. Nxd4
Qc7 9. Bxc6 bxc6 10. Nce2 c5 11. Nf3 c4 12. c3 Nc5 13. O-O Nd3 14. Ned4 Bc5 15.
Qc2 Rb8 16. b3 Nxc1 17. Rfxc1 cxb3 18. axb3 Bd7 19. Kh1 O-O 0-1

[Event "AUTO-MASTER-1067"]
[Site "http://www.queenalice.com/game.php?id=744297"]
[Date "2010.3.10"]
[Round "1"]
[White "TheBigSid"]
[Black "Mamediarov"]
[Result "1-0"]
[WhiteElo "2090"]
[BlackElo "1998"]

1. d4 d5 2. c4 c6 3. e3 Nf6 4. Nc3 e6 5. Nf3 Be7 6. Bd3 Nbd7 7. O-O O-O 8. b3
Re8 9. Bb2 h6 10. Qc2 Bd6 11. e4 dxe4 12. Nxe4 Be7 13. Rfe1 Nxe4 14. Bxe4 Nf6
15. Bd3 Bb4 16. Re2 Bd6 17. Ne5 Qc7 18. Rae1 Bxe5 19. dxe5 1-0

[Event "AUTO-MASTER-1037"]
[Site "http://www.queenalice.com/game.php?id=900002"]
[Date "2011.2.13"]
[Round "2"]
[White "Miras"]
[Black "Mamediarov"]
[Result "0-1"]
[WhiteElo "2408"]
[BlackElo "2068"]

1. e4 c5 2. Nf3 a6 3. d4 cxd4 4. Nxd4 Qc7 5. Nc3 e6 6. Bd3 Nf6 7. O-O Bd6 8. Kh1
Nc6 9. Be3 Nxd4 10. Bxd4 b5 11. Qe2 e5 12. f4 exd4 13. e5 Kd8 14. exd6 Qxd6 15.
Ne4 Nxe4 0-1